<?xml version="1.0" encoding="UTF-8"?>
<record
    xmlns:xsi="http://www.w3.org/2001/XMLSchema-instance"
    xsi:schemaLocation="http://www.loc.gov/MARC21/slim http://www.loc.gov/standards/marcxml/schema/MARC21slim.xsd"
    xmlns="http://www.loc.gov/MARC21/slim">

  <leader>00724nam a22002057a 4500</leader>
  <controlfield tag="005">20100803105745.0</controlfield>
  <datafield tag="010" ind1=" " ind2=" ">
    <subfield code="a">ENG-97655</subfield>
  </datafield>
  <datafield tag="020" ind1=" " ind2=" ">
    <subfield code="a">9788190925907</subfield>
    <subfield code="c">110.00</subfield>
  </datafield>
  <datafield tag="035" ind1=" " ind2=" ">
    <subfield code="a">EN-81188</subfield>
  </datafield>
  <datafield tag="037" ind1=" " ind2=" ">
    <subfield code="b">DBAD/PUB</subfield>
  </datafield>
  <datafield tag="082" ind1=" " ind2=" ">
    <subfield code="a">616.96</subfield>
  </datafield>
  <datafield tag="100" ind1=" " ind2=" ">
    <subfield code="a">Rajan, S.</subfield>
    <subfield code="9">4760</subfield>
  </datafield>
  <datafield tag="245" ind1=" " ind2=" ">
    <subfield code="a">Parasitology:</subfield>
    <subfield code="b">theory and practicals</subfield>
    <subfield code="c">by S. Rajan</subfield>
  </datafield>
  <datafield tag="260" ind1=" " ind2=" ">
    <subfield code="a">TamilNadu</subfield>
    <subfield code="b">SRS Publications</subfield>
    <subfield code="c">2009</subfield>
  </datafield>
  <datafield tag="270" ind1=" " ind2=" ">
    <subfield code="a">131, Ragavendra Garden Main Street, T.V. Koli, </subfield>
    <subfield code="b">Trichy (TamilNadu)</subfield>
    <subfield code="e">5</subfield>
  </datafield>
  <datafield tag="300" ind1=" " ind2=" ">
    <subfield code="a">141p.</subfield>
    <subfield code="c">21cm (pbk)</subfield>
  </datafield>
  <datafield tag="500" ind1=" " ind2=" ">
    <subfield code="a">Includes index</subfield>
  </datafield>
  <datafield tag="942" ind1=" " ind2=" ">
    <subfield code="2">ddc</subfield>
    <subfield code="c">EN</subfield>
    <subfield code="h">616.96</subfield>
    <subfield code="m">RAJ</subfield>
  </datafield>
  <datafield tag="999" ind1=" " ind2=" ">
    <subfield code="c">38860</subfield>
    <subfield code="d">38860</subfield>
  </datafield>
  <datafield tag="952" ind1=" " ind2=" ">
    <subfield code="0">0</subfield>
    <subfield code="1">0</subfield>
    <subfield code="4">0</subfield>
    <subfield code="7">1</subfield>
    <subfield code="8">NFIC</subfield>
    <subfield code="a">DBAD</subfield>
    <subfield code="b">DBAD</subfield>
    <subfield code="d">2010-08-03</subfield>
    <subfield code="e">DBAD/PUB</subfield>
    <subfield code="g">110.00</subfield>
    <subfield code="l">0</subfield>
    <subfield code="o">616.96 RAJ</subfield>
    <subfield code="p">EN-81188</subfield>
    <subfield code="r">2010-08-03 00:00:00</subfield>
    <subfield code="t">1</subfield>
    <subfield code="v">110.00</subfield>
    <subfield code="w">2010-08-03</subfield>
    <subfield code="y">EN</subfield>
  </datafield>
</record>
